Sports Quiz

Random Sports or MLB Quiz
Score 0/83 Timer 12:00
8 Plays Today
Total Pitcher % Correct
5,714Nolan Ryan
95.6%
4,875Randy Johnson
94.5%
3,508Walter Johnson
93.7%
2,245Tommy John
90.7%
4,672Roger Clemens
89.4%
3,371Greg Maddux
84.5%
3,154Pedro Martinez
83.5%
2,149Dennis Martinez
82.7%
2,607Tom Glavine
81.2%
3,084John Smoltz
79.7%
2,803Cy Young
77.3%
2,396Sandy Koufax
76.1%
3,640Tom Seaver
72.6%
2,464Clayton Kershaw
71.6%
3,117Bob Gibson
70.3%
3,116Curt Schilling
70.3%
4,136Steve Carlton
68.7%
3,093CC Sabathia
64.4%
3,006Justin Verlander
63.5%
2,524Felix Hernandez
61.8%
2,212Jim Palmer
60.4%
2,692Max Scherzer
60.3%
3,342Phil Niekro
59.9%
2.117Roy Halladay
59.8%
2,486Don Drysdale
59.5%
2,813Mike Mussina
57.6%
2,293Dwight Gooden
55.4%
3,701Bert Blyleven
55%
Total Pitcher % Correct
2,448Andy Pettitte
53.8%
2,583Warren Spahn
53.4%
2,581Bob Feller
52.7%
2,668David Cone
51.6%
3,574Don Sutton
51.3%
2,502Christy Mathewson
51.1%
2,478Jack Morris
50.6%
2,397Kevin Brown
50.5%
3,534Gaylord Perry
49.9%
3,192Ferguson Jenkins
49.9%
2,535Bartolo Colon
47.1%
2,401Dennis Eckersley
47%
2,441Jamie Moyer
45.9%
2,012Catfish Hunter
45.7%
2,303Juan Marichal
44.7%
2,201David Wells
44.5%
2,007Chris Sale
44.2%
2,175Vida Blue
43%
2,266Lefty Grove
41.3%
2,074Fernando Valenzuela
40.7%
2,080Tim Hudson
40.6%
2,355Jon Lester
40.3%
2,622Zack Greinke
39.8%
2,198Grover Alexander
39.3%
2,014Orel Hershiser
38.5%
2,156Tim Wakefield
37%
2,558Cole Hamels
36.9%
2,416Luis Tiant
34.7%
Total Pitcher % Correct
2,357Robin Roberts
33%
2,207Jake Peavy
31.6%
2,453Sam McDowell
31.4%
2,461Jim Kaat
30%
2,832Mickey Lolich
29.6%
2,855Jim Bunning
28.7%
2,773Frank Tanana
28%
2,294John Lackey
27.6%
2,556Jerry Koosman
27.5%
2,610Chuck Finley
26.2%
2,334Early Wynn
25%
2,464Mark Langston
24.4%
2,362Charlie Hough
24.3%
2,513AJ Burnett
24.1%
2,234James Shields
22.3%
2,246Eddie Plank
20.7%
2,316Rube Waddell
18.1%
2,045Dazzy Vance
17.4%
2,536Javier Vazquez
16.9%
2,015Rick Reuschel
16.6%
2,083Kevin Millwood
16.1%
2,013Dan Haren
15.7%
2,564Tim Keefe
15.7%
2,000Andy Benes
11.5%
2,075Ryan Dempster
9%
2,167Camilo Pascual
8.5%
2,082Bobo Newsom
7.4%

You're not logged in!

Compare scores with friends on all Sporcle quizzes.
OR
Log In

Sporcle TV

Today on Sporcle TV


Watch our educational content, quiz creation guides, and fun videos on Sporcle TV.

Show Comments

Extras

Top Quizzes Today


Score Distribution

Paid Content

Your Account Isn't Verified!

In order to create a playlist on Sporcle, you need to verify the email address you used during registration. Go to your Sporcle Settings to finish the process.

Report this User

Report this user for behavior that violates our Community Guidelines.

Details: